LEADER 01106nas a2200241 i 4500 001 000000147715 003 CaOOAMICUS 005 20060222000000.0 008 060210b2004 it uu u0 0ita r 013 $a125012 040 $aSeMil$bita 245 10$a[2004]. 260 $aMorimondo (MI) :$bFondazione "Abbatia Sancte Marie de Morimundo",$c[2004?] 300 $a122 p. , ill. ;$c21 cm + [1] allegato. 500 $aIn Allegato : Fondazione "Abbatia Sancte Marie de Morimundo", Corso 2006 [programma]. 773 0 $tFondazione Abbatia Sancte Marie de Morimundo.$dMorimondo (MI) : [s.n.], 1994-2006.$w()3242 774 0 $t[vedi periodico].$w()263578 774 0 $tFondazione "Abbatia Sancte Marie de Morimundo", Corso 2006 [programma].$w()268957 850 $aSeMil 852 $aSeMil$W1$xVenegono$y1$m217 5 128$j100251$B100251$CSeMilBibl$Z2$F109203 $85 961 $aAbbonamento: Fondazione "Abbatia Sancte Marie de Morimundo" 996 $6245$a[2004]$9(OLS)http://semarc/title/140369 996 $6260$aMorimondo (MI) :$bFondazione "Abbatia Sancte Marie de Morimundo"$9(OLS)http://semarc/publisher/37141 LEADER 02648nam a2200301 i 4500 001 000000024687 003 CaOOAMICUS 005 20180830125446.0 008 180830n it u000 u ita u 040 $aSeMil$bita 245 10$a[Miscellanea :$b59]. 300 $a1 v. ;$c25 cm. 500 $aTitolo assegnato sul dorso della legatura. - Raccoglie volumi del 19. sec. di vari argomenti rilegati insieme. 774 0 $aBanzi, Giuliano$tFrazioni di Longastrino e Filo ed il comune di Alfonsine.$dLugo : Melandri, 1863.$w()200227 774 0 $aCenni, Lorenzo $tGenesi delle misure.$dBologna : Tip. Vitali, 1859.$w()200253 774 0 $tRisultato degli esami finali di promozione dell'anno scolastico 1869-70 nelle pubbliche scuole elementari maschili e femminili del Comune di Fusignano.$dLugo : Melandri, 1871.$w()200255 774 0 $tStatuto della Società Felsinea.$dBologna : Regia Tipografia, [1865]$w()200259 774 0 $aBilancioni, Enrico$tComune di Rimini.$dRimini : Tip. Malvolti, [1871]$w()200261 774 0 $tEsperimento accademico di musica con intermezzi di declamazione e di ballo e con esposizione di disegno e calligrafia che danno i convittori del Collegio S. Luigi dei Padri Barnabiti in Bologna ... l'anno 1866.$d[Bologna : s.n., 1866]$w()200262 774 0 $tStatuto della Società del Circolo fusignanese.$dBagnacavallo : Serantoni e Grandi, 1867.$w()200264 774 0 $aMongiardini, Domenico $tAl novello sacerdote D. Ilario Ronco-Vassaglia prefetto di camerata nel Collegio di S. Luigi di Bologna che nel giorno 11 giugno 1865 celebrava la prima messa.$d[S.l. : s.n., 1865]$w()200267 774 0 $tAtti della esposizione commerciale industriale artigiana agricola del Circondario di Lugo promosso dalla Società lughese del mutuo soccorso fra gli operai ... tenuta dal 15 al 25 settembre 1870.$dLugo : Tip. Brugnoli, 1870.$w()200268 774 0 $aVicchi, Leone$tDella vita e degli scritti di Vincenzo Monti.$dCesena : Costantino Bisazia, 1867.$w()200270 774 0 $tProlusione letta all'Università di Bologna da Giovanni Franceschi al principiare delle sue lezioni per l'anno scolastico 1863-64.$dBologna : Tip. G. Monti, 1863.$w()200272 774 0 $aCenni, Stasira$tIn morte di mio padre.$dAncona : Tip. Cherubini, Belgiovane e C., 1865.$w()200273 774 0 $tAssociazione nazionale italiana di mutua assistenza fra i padri di famiglia per l'educazione della prole.$d[Bologna : s.n., 186?]$w()200275 774 0 $aBertelli, Timoteo $tRegistratore meteorologico elettro-scrivente.$dBologna : Tip. all' Àncora, 1859.$w()200276 996 $6245$a[Miscellanea :$b59]$9(OLS)http://semarc/title/33227